| 000 | 00512nam a22001697a 4500 | ||
|---|---|---|---|
| 999 |
_c190886 _d190886 |
||
| 005 | 20220808172338.0 | ||
| 010 | _aENG-134360 | ||
| 020 |
_a9789393737410 _c200.00 |
||
| 035 | _aEN-117892 | ||
| 037 | _bDBAD/PUB | ||
| 082 | _a338.04 | ||
| 245 | _aProspects of Millennial Entrepreneurs/ | ||
| 260 |
_aTamil Nadu _bShanlax publications _c2022 |
||
| 270 |
_a61, 66 T.P.K. main road, Vasantha nagar, madurai _bTamil nadu _e625003 |
||
| 300 |
_a104p. _c24cm(pbk) |
||
| 942 |
_2ddc _cEN _h338.04 _mPRO |
||